LIBRARY ONLINE CATALOGUE

Paradise precarious. (Record no. 12650)

MARC details
000 -LEADER
fixed length control field 00545nam a22001932 4500
001 - CONTROL NUMBER
control field 0000001873
005 - DATE AND TIME OF LATEST TRANSACTION
control field 20151217155813.0
008 - FIXED-LENGTH DATA ELEMENTS--GENERAL INFORMATION
fixed length control field 070328s xx 000 0 eng d
040 ## - CATALOGING SOURCE
Original cataloging agency KABU
Transcribing agency KABU
050 #0 - LIBRARY OF CONGRESS CALL NUMBER
Classification number DT433.527
Item number .W55
100 1# - MAIN ENTRY--PERSONAL NAME
Personal name Williams, Howard.
-- 0000150937
245 10 - TITLE STATEMENT
Title Paradise precarious.
260 ## - PUBLICATION, DISTRIBUTION, ETC. (IMPRINT)
Place of publication, distribution, etc. London :
Name of publisher, distributor, etc. Welcome Press,
Date of publication, distribution, etc. [195?]
300 ## - PHYSICAL DESCRIPTION
Extent xvii, 290 p.
651 #0 - SUBJECT ADDED ENTRY--GEOGRAPHIC NAME
Geographic name Kenya
General subdivision Description and travel.
-- 0000150938
908 ## - PUT COMMAND PARAMETER (RLIN)
Put command parameter 070328
950 ## - LOCAL HOLDINGS (RLIN)
-- 1
Holdings
Withdrawn status Lost status Source of classification or shelving scheme Not for loan Home library Current library Date acquired Total Checkouts Full call number Barcode Date last seen Price effective from Koha item type
    Library of Congress Classification   Kabarak, Main Campus Kabarak, Main Campus 17/12/2015   DT433.527 .W55 006539 17/12/2015 17/12/2015 Africana Collection